History Quiz

Random History Quiz
Score 0/300 Timer 12:00
0 Plays Today
Words % Correct
we
98%
we
98%
we
98%
We
98%
We
98%
we
98%
we
98%
We
98%
We
98%
we
98%
we
98%
we
98%
we
98%
the
97.9%
the
97.9%
the
97.9%
the
97.9%
the
97.9%
the
97.9%
The
97.9%
the
97.9%
the
97.9%
the
97.9%
the
97.9%
the
97.9%
the
97.9%
the
97.9%
the
97.9%
the
97.9%
the
97.9%
the
97.9%
the
97.9%
the
97.9%
the
97.9%
the
97.9%
the
97.9%
the
97.9%
the
97.9%
the
97.9%
the
97.9%
the
97.9%
the
97.9%
fight
96.5%
fight
96.5%
fight
96.5%
fight
96.5%
fight
96.5%
fight
96.5%
on
96.3%
on
96.3%
on
96.3%
on
96.3%
on
96.3%
I
96%
I
96%
be,
95.6%
shall
94.9%
shall
94.9%
shall
94.9%
shall
94.9%
shall
94.9%
shall
94.9%
shall
94.9%
shall
94.9%
shall
94.9%
shall
94.9%
shall
94.9%
and
93.3%
and
93.3%
and
93.3%
and
93.3%
and
93.3%
and
93.3%
and
93.3%
and
93.3%
and
93.3%
and
93.3%
and
93.3%
And
93.3%
and
93.3%
and
93.3%
and
93.3%
and
93.3%
beaches,
93.1%
in
91.4%
in
91.4%
in
91.4%
in
91.4%
in
91.4%
in
91.4%
in
91.4%
in
91.4%
to defend
89.2%
never
86.9%
to ride
86.1%
to try
86%
to outlive
85.9%
to
85.9%
to
85.9%
to
85.9%
Words % Correct
to
85.9%
to
85.9%
fight
85.1%
surrender!
84.6%
is
84.5%
is
84.5%
is
84.5%
is
84.5%
our
84.1%
our
84.1%
our
84.1%
will
81.9%
will
81.9%
of
81.5%
of
81.5%
of
81.5%
of
81.5%
of
81.5%
of
81.5%
of
81.5%
of
81.5%
of
81.5%
of
81.5%
of
81.5%
for
81.3%
for
81.3%
go
81%
if
79.8%
if
79.8%
if
79.8%
if
79.8%
if,
79.8%
them.
79.7%
do
79.4%
do.
79.4%
do
79.4%
not
78.7%
not
78.7%
streets,
78.5%
all
78.3%
all
78.3%
all
78.3%
landing
76.7%
Island
76.1%
Island
76.1%
Island
76.1%
it,
76.1%
seas
75.8%
seas,
75.8%
what
74.8%
air.
74.8%
grounds,
74.3%
France,
74.2%
with
74%
with
74%
fields
72.7%
that
72.6%
that
72.6%
That
72.6%
That
72.6%
British
72.3%
British
72.3%
defend
72%
defend
72%
hills;
71.9%
have,
71.7%
have
71.7%
Empire
70.7%
Empire
70.7%
World,
70%
end.
69.1%
their
68.7%
their
68.7%
their
68.7%
their
68.7%
their
68.7%
are being
68.5%
oceans,
68.2%
confidence
67.9%
confidence
67.9%
are
67.4%
are
67.4%
Nazi
67.3%
this
67%
may
66.6%
may
66.6%
New
66.5%
one
66.3%
or
65.5%
or
65.5%
or
65.5%
war
65.4%
growing
65.4%
growing
65.4%
believe,
65.1%
old
65%
old.
65%
then
64.5%
moment
64.4%
time,
64.4%
Words % Correct
strength.
64.2%
strength
64.2%
home,
63.5%
cost
63.5%
out
63.4%
they
63.3%
its
63.3%
good
63.1%
good
63.1%
by
63%
might,
62.7%
part
62.5%
as
62.4%
man
62.4%
His
62.2%
whatever
62.2%
power
61.1%
were
59.4%
which
58.8%
duty,
58.6%
French
58.3%
Government––
57.9%
fleet,
57.9%
storm
57.8%
Majesty's
57.8%
God's
57.5%
rescue
56.8%
until,
56.7%
At
56.5%
carry
56.3%
large
55.2%
large
55.2%
beyond
55%
Republic,
54.6%
going
54.5%
tyranny,
54.4%
Sir,
54.2%
subjugated
54.1%
alone.
54%
made
53.9%
made,
53.9%
years,
53.9%
every
53.8%
struggle,
53.6%
would
53.5%
fall
53.4%
starving,
53.3%
full
53.1%
any
53%
necessary
52.4%
necessary
52.4%
liberation
51.8%
Parliament
50%
best
49.9%
death
49.9%
myself,
49.5%
fail.
49.3%
armed
49.3%
guarded
49.1%
Gestapo
49%
nation.
48.9%
rule,
48.3%
Europe
48%
forth
47.5%
fallen
46.9%
States
46.8%
nothing
45.4%
more
45.4%
many
45.3%
flag
44.8%
steps
44.8%
once
44.7%
arrangements
43.9%
odious
43.6%
soil,
43%
native
42.7%
comrades
42.5%
into
42.5%
able
42.2%
neglected
42.1%
rate,
41.5%
like
41.1%
apparatus
41.1%
menace
40.5%
famous
40.5%
need,
40.4%
resolve
39.9%
together
39.2%
utmost
38.6%
tracts
35.3%
ourselves
35%
Even
35%
though
34.3%
each
33.8%
linked
32.1%
grip
31.8%
other
31.6%
cause
31.4%
aiding
29.1%
shall prove
24.9%
Remove Ads.
Support Sporcle.
Get the best of Sporcle when you Go Orange. This ad-free experience offers more features, more stats, and more fun while also helping to support Sporcle. Thank you for becoming a member.

You're not logged in!

Compare scores with friends on all Sporcle quizzes.
OR
Log In

Sporcle TV

Today on Sporcle TV


Watch our educational content, quiz creation guides, and fun videos on Sporcle TV.

Show Comments

Extras

Top Quizzes Today


Score Distribution

Paid Content

Your Account Isn't Verified!

In order to create a playlist on Sporcle, you need to verify the email address you used during registration. Go to your Sporcle Settings to finish the process.

Report this User

Report this user for behavior that violates our Community Guidelines.

Details: